Digital Marketing (Record no. 16366)
[ view plain ]
| 000 -LEADER | |
|---|---|
| fixed length control field | 00556nam a22002177a 4500 |
| 008 - FIXED-LENGTH DATA ELEMENTS--GENERAL INFORMATION | |
| fixed length control field | 260418b |||||||| |||| 00| 0 eng d |
| 020 ## - INTERNATIONAL STANDARD BOOK NUMBER | |
| International Standard Book Number | 9789372121520 |
| Price | 175 |
| 040 ## - CATALOGING SOURCE | |
| Original Cataloguing agency | Sibsagar Commerce College Central Library |
| 041 ## - LANGUAGE CODE | |
| Language code of text/sound track or separate title | English |
| 082 ## - DEWEY DECIMAL CLASSIFICATION NUMBER | |
| Classification number | 658.872 |
| Book Number | GOG |
| 100 ## - MAIN ENTRY--PERSONAL NAME | |
| Personal name | Gogoi, D. |
| Fuller form of name | Deborshee |
| 245 ## - TITLE STATEMENT | |
| Title | Digital Marketing |
| 260 ## - PUBLICATION, DISTRIBUTION, ETC. | |
| Place of publication, distribution, etc. | Ludhiana |
| Name of publisher, distributor, etc. | Kalyani Publishers |
| Date of publication, distribution, etc. | 2026 |
| 300 ## - PHYSICAL DESCRIPTION | |
| Dimensions | 17 x 24 c.m |
| 505 ## - FORMATED CONTENTS NOTE | |
| Formated content notes | B.Com<br/>6th Semester <br/>NEP |
| 650 ## - Subject | |
| Subject | Management |
| 700 ## - Added Entry Personal Name | |
| Personal Name | Chakraborty, Subhadeep |
| 700 ## - Added Entry Personal Name | |
| Personal Name | Gupta, Viveka |
| 942 ## - ADDED ENTRY ELEMENTS (KOHA) | |
| Source of classification or shelving scheme | Dewey Decimal Classification |
| Koha item type | Books |
| Withdrawn status | Lost status | Source of classification or shelving scheme | Damaged status | Not for loan | Collection code | Home library | Current library | Date acquired | Source of acquisition | Cost, normal purchase price | Total Checkouts | Full call number | Barcode | Date due | Date last seen | Date last checked out | Copy number | Cost, replacement price | Price effective from | Koha item type |
|---|---|---|---|---|---|---|---|---|---|---|---|---|---|---|---|---|---|---|---|---|
| Dewey Decimal Classification | Marketing | Sibsagar Commerce College Central Library | Sibsagar Commerce College Central Library | 10/04/2026 | Kitap Ghar | 175.00 | 1 | 658.872 GOG | 29380 | 15/05/2026 | 27/04/2026 | 27/04/2026 | 1 | 340.00 | 18/04/2026 | Books | ||||
| Dewey Decimal Classification | Marketing | Sibsagar Commerce College Central Library | Sibsagar Commerce College Central Library | 10/04/2026 | Kitap Ghar | 175.00 | 658.872 GOG | 29381 | 18/04/2026 | 2 | 340.00 | 18/04/2026 | Books | |||||||
| Dewey Decimal Classification | Marketing | Sibsagar Commerce College Central Library | Sibsagar Commerce College Central Library | 10/04/2026 | Kitap Ghar | 175.00 | 658.872 GOG | 29382 | 18/04/2026 | 3 | 340.00 | 18/04/2026 | Books | |||||||
| Dewey Decimal Classification | Marketing | Sibsagar Commerce College Central Library | Sibsagar Commerce College Central Library | 10/04/2026 | Kitap Ghar | 175.00 | 658.872 GOG | 29383 | 18/04/2026 | 4 | 340.00 | 18/04/2026 | Books |
